[Event "DVM U14w 2016"]
[Site "Düsseldorf GER"]
[Date "2016.12.30"]
[Round "7"]
[White "Reuter, Elisa"]
[Black "Meijerink, Inken"]
[Result "1/2-1/2"]
[Termination "normal"]
[Board "4.2"]
[WhiteElo "1618"]
[BlackElo "1381"]
[WhiteTeam "SV Empor Erfurt"]
[BlackTeam "SK Nordhorn-Blanke"]
[PlyCount "107"]
[WhiteFideId "12995444"]
[BlackFideId "16225465"]
[EventCountry "GER"]
[EventRounds "7"]
[EventType "team-swiss"]
[EventDate "2016.12.26"]

1. e4 c5 2. Nf3 Nc6 3. Bb5 g6 4. Bxc6 bxc6 5. O-O Bg7 6. d3 d6 7. Nc3 Nf6 8. h3
O-O 9. Be3 Bd7 10. Re1 Rb8 11. Rb1 e5 12. Rf1 Ne8 13. Ne1 f5 14. f4 Qb6 15. Qd2
Qb4 16. a3 Qa5 17. Nf3 exf4 18. Bxf4 Rxb2 19. Rxb2 Bxc3 20. Qc1 Bxb2 21. Qxb2
Qb6 22. Qa2+ c4+ 23. Kh1 fxe4 24. Nd2 exd3 25. cxd3 Qd4 26. Qxc4+ Qxc4 27. dxc4
Be6 28. Re1 Rxf4 29. Rxe6 Kf7 30. Re3 Rd4 31. Re2 Rd3 32. Ne4 h6 33. Ra2 d5 34.
cxd5 cxd5 35. Nc5 Rd1+ 36. Kh2 Rc1 37. Nd3 Rc3 38. Ne5+ Kf6 39. Nd7+ Kf5 40.
Re2 Rc7 41. Re5+ Kf4 42. Rxd5 Ke4 43. Re5+ Kf4 44. Rxe8 Rxd7 45. Re6 Kf5 46.
Ra6 Rc7 47. Ra5+ Kf4 48. Ra4+ Kf5 49. Kg3 g5 50. Ra5+ Kg6 51. Ra6+ Kf5 52. Ra5+
Kg6 53. Ra6+ Kf5 54. Ra5+ 1/2-1/2

[Event "DVM U14w 2016"]
[Site "Düsseldorf GER"]
[Date "2016.12.30"]
[Round "7"]
[White "Wolterink, Jule"]
[Black "Krömer, Paulina"]
[Result "0-1"]
[Termination "normal"]
[Board "4.3"]
[WhiteElo "1325"]
[BlackElo "1538"]
[WhiteTeam "SK Nordhorn-Blanke"]
[BlackTeam "SV Empor Erfurt"]
[PlyCount "94"]
[WhiteFideId "12981206"]
[BlackFideId "16212363"]
[EventCountry "GER"]
[EventRounds "7"]
[EventType "team-swiss"]
[EventDate "2016.12.26"]

1. d4 {[%emt 0:00:00]} d5 2. Bf4 Nf6 3. e3 c5 4. c3 Nc6 5. Bd3 Qb6 6. Qb3 c4 7.
Qxb6 axb6 8. Bc2 b5 9. Nd2 b4 10. cxb4 Nxb4 11. Bb1 b5 12. Ne2 Bb7 13. Nc3 Bc6
14. O-O e6 15. f3 Be7 16. e4 O-O 17. Bg5 h6 18. Bh4 g5 19. Bg3 Nh5 20. Be5 f6
21. Bg3 Nxg3 22. hxg3 Bd6 23. Kf2 Bc7 24. Rh1 Kg7 25. a3 Bb6 26. Ke3 e5 27. Ne2
Rfe8 28. g4 exd4+ 29. Nxd4 dxe4 30. Nxe4 Nd5+ 31. Kd2 Bxd4 32. Kc2 Ne3+ 33. Kd2
Bxe4 34. Bxe4 Rad8 35. Ke2 Nxg2 36. Rad1 Nf4+ 37. Ke1 Nd3+ 38. Ke2 Nf2 39. Rxd4
Nxh1 40. Rd1 Ng3+ 41. Kf2 Nxe4+ 42. fxe4 Rxd1 43. Kf3 Rb1 44. Ke3 Rxb2 45. Kd4
Rd8+ 46. Ke3 c3 47. Kf3 Rd3# 0-1

[Event "DVM U14w 2016"]
[Site "Düsseldorf GER"]
[Date "2016.12.30"]
[Round "7"]
[White "Runds, Emily Sophie"]
[Black "Wolterink, Insa"]
[Result "1-0"]
[Termination "normal"]
[Board "4.4"]
[WhiteElo "1087"]
[BlackElo "1023"]
[WhiteTeam "SV Empor Erfurt"]
[BlackTeam "SK Nordhorn-Blanke"]
[PlyCount "63"]
[WhiteFideId "16235231"]
[BlackFideId "16235266"]
[EventCountry "GER"]
[EventRounds "7"]
[EventType "team-swiss"]
[EventDate "2016.12.26"]

1. e4 {[%emt 0:00:00]} e6 2. d3 d5 3. Nd2 Bd6 4. Ngf3 Nc6 5. g3 Nge7 6. Bg2 Ng6
7. O-O O-O 8. Re1 Re8 9. Nf1 Bc5 10. d4 Bb6 11. e5 f6 12. h4 h6 13. h5 Nh8 14.
c3 Rf8 15. Nh4 Qe8 16. Qg4 Ne7 17. Bxh6 Qf7 18. Nh2 Rd8 19. exf6 Qxf6 20. Bg5
Qf7 21. Re5 Kf8 22. h6 Ke8 23. hxg7 Qxg7 24. Qh5+ Kd7 25. Bh3 Kd6 26. Rae1 Qf7
27. Qg4 a6 28. Rxe6+ Bxe6 29. Rxe6+ Kd7 30. Rxe7+ Kd6 31. Rxf7 Nxf7 32. Qe6#
1-0

[Event "DVM U14w 2016"]
[Site "Düsseldorf GER"]
[Date "2016.12.30"]
[Round "7"]
[White "Wastian, Mareike"]
[Black "Bohrer, Katharina"]
[Result "1-0"]
[Termination "normal"]
[Board "5.1"]
[WhiteElo "1770"]
[BlackElo "1144"]
[WhiteTeam "SF Brackel"]
[BlackTeam "SF Konz-Karthaus"]
[PlyCount "61"]
[WhiteFideId "12947423"]
[BlackFideId "16225457"]
[EventCountry "GER"]
[EventRounds "7"]
[EventType "team-swiss"]
[EventDate "2016.12.26"]

1. e4 {[%emt 0:00:00]} d6 2. d4 Nf6 3. Nc3 g6 4. Be3 Bg7 5. f3 O-O 6. Qd2 Nc6
7. O-O-O a5 8. g4 a4 9. a3 e5 10. d5 Ne7 11. h4 b6 12. h5 Ba6 13. hxg6 fxg6 14.
Bh6 Bxf1 15. Rxf1 c6 16. dxc6 Nxc6 17. Bxg7 Kxg7 18. Qh6+ Kg8 19. Nh3 Qd7 20.
Ng5 Ra7 21. Rd1 Nd4 22. Rd2 Rc8 23. Rdh2 Qg7 24. Qh3 Rcc7 25. Qf1 Qf8 26. Rh6
Qe8 27. R1h2 b5 28. Qh1 Qc6 29. Rxg6+ hxg6 30. Rh8+ Kg7 31. Qh6# 1-0

[Event "DVM U14w 2016"]
[Site "Düsseldorf GER"]
[Date "2016.12.30"]
[Round "7"]
[White "Biermann, Sophie"]
[Black "Garbuz, Nicole"]
[Result "1/2-1/2"]
[Termination "normal"]
[Board "5.2"]
[WhiteElo "1186"]
[BlackElo "1576"]
[WhiteTeam "SF Konz-Karthaus"]
[BlackTeam "SF Brackel"]
[PlyCount "55"]
[WhiteFideId "16208960"]
[BlackFideId "12990701"]
[EventCountry "GER"]
[EventRounds "7"]
[EventType "team-swiss"]
[EventDate "2016.12.26"]

1. e4 {[%emt 0:00:00]} e5 2. Nf3 Nc6 3. Bb5 a6 4. Ba4 d6 5. d3 b5 6. Bb3 Be7 7.
Be3 Nf6 8. h3 O-O 9. O-O Na5 10. Nc3 Nxb3 11. axb3 Bb7 12. Re1 Re8 13. Qe2 c5
14. Nb1 Qc7 15. Nh2 Qc6 16. f4 exf4 17. Bxf4 Bf8 18. Nd2 Nd7 19. c4 Ne5 20. Rf1
Ng6 21. Qf3 Qd7 22. Rf2 f5 23. Bg3 Re7 24. Qxf5 Qxf5 25. Rxf5 Ne5 26. Bxe5 Rxe5
27. Raf1 Rxf5 28. Rxf5 1/2-1/2

[Event "DVM U14w 2016"]
[Site "Düsseldorf GER"]
[Date "2016.12.30"]
[Round "7"]
[White "Schilz, Luna"]
[Black "Elier, Basmalah"]
[Result "0-1"]
[Termination "normal"]
[Board "5.4"]
[WhiteElo "1110"]
[BlackElo "756"]
[WhiteTeam "SF Konz-Karthaus"]
[BlackTeam "SF Brackel"]
[PlyCount "44"]
[WhiteFideId "16235320"]
[BlackFideId "16223004"]
[EventCountry "GER"]
[EventRounds "7"]
[EventType "team-swiss"]
[EventDate "2016.12.26"]

1. e4 {[%emt 0:00:00]} e5 {[%eval 0,0] [%emt 0:00:00]} 2. Nf3 Nc6 3. Bc4 Nf6 4.
Ng5 d5 5. exd5 Nxd5 6. d3 Be7 7. Qf3 O-O 8. h4 Be6 9. Nxe6 fxe6 10. Qg3 Ndb4
11. Na3 Nd4 12. Bb3 Nf5 13. Bxe6+ Kh8 14. Bxf5 Rxf5 15. h5 Bd6 16. h6 gxh6 17.
Bxh6 Qf6 18. O-O Qxh6 19. c3 Rh5 20. f3 e4 21. Qg4 Nxd3 22. Qxe4 Rh1# 0-1

[Event "DVM U14w 2016"]
[Site "Düsseldorf GER"]
[Date "2016.12.30"]
[Round "7"]
[White "Otterpohl, Isabel"]
[Black "Schiewe, Nadin"]
[Result "1/2-1/2"]
[Termination "normal"]
[Board "6.1"]
[WhiteElo "1705"]
[BlackElo "1292"]
[WhiteTeam "SV Hemer"]
[BlackTeam "SC Eintracht Berlin"]
[PlyCount "58"]
[WhiteFideId "12999180"]
[BlackFideId "16209079"]
[EventCountry "GER"]
[EventRounds "7"]
[EventType "team-swiss"]
[EventDate "2016.12.26"]

1. e4 {[%emt 0:00:00]} d5 2. exd5 Qxd5 3. Nc3 Qa5 4. d4 c6 5. Nf3 Bf5 6. Bc4
Nf6 7. Bd2 Qc7 8. Bb3 e6 9. h3 Nbd7 10. Nh4 Bg6 11. Nxg6 hxg6 12. Qe2 O-O-O 13.
O-O-O Bd6 14. Bg5 Bf4+ 15. Bxf4 Qxf4+ 16. Kb1 Nd5 17. Ne4 N7f6 18. Nc5 Rde8 19.
Rhe1 Re7 20. Nd3 Qxd4 21. Ne5 Qb4 22. a3 Qb6 23. Nc4 Qc7 24. Ne5 Qb6 25. Nc4
Qc7 26. Ne5 Rhe8 27. Qd2 Nd7 28. Nxd7 Rxd7 29. Qg5 Red8 1/2-1/2

[Event "DVM U14w 2016"]
[Site "Düsseldorf GER"]
[Date "2016.12.30"]
[Round "7"]
[White "Gehrke, Gina Celina"]
[Black "Naumenko, Valerija"]
[Result "1/2-1/2"]
[Termination "normal"]
[Board "6.2"]
[WhiteElo "1457"]
[BlackElo "1317"]
[WhiteTeam "SC Eintracht Berlin"]
[BlackTeam "SV Hemer"]
[PlyCount "73"]
[WhiteFideId "16205979"]
[BlackFideId "16222890"]
[EventCountry "GER"]
[EventRounds "7"]
[EventType "team-swiss"]
[EventDate "2016.12.26"]

1. d4 d5 2. e3 Nf6 3. Bd3 c5 4. c3 Nc6 5. f4 Bg4 6. Nf3 e6 7. Nbd2 Bd6 8. O-O
O-O 9. Qe1 Bxf3 10. Rxf3 c4 11. Bc2 b5 12. Rh3 g6 13. Nf3 Ne4 14. Bxe4 dxe4 15.
Ne5 Bxe5 16. fxe5 f6 17. exf6 Qxf6 18. Bd2 Ne7 19. Qe2 Nd5 20. Rf1 Qxf1+ 21.
Qxf1 Rxf1+ 22. Kxf1 Rf8+ 23. Ke2 Kg7 24. a3 a5 25. Rg3 h5 26. h4 Rf5 27. Rg5
Rxg5 28. hxg5 Ne7 29. Be1 Nf5 30. Kf2 Kf7 31. Ke2 Ke7 32. Bf2 Kd6 33. Kd2 e5
34. Kc2 a4 35. Kd2 Ke6 36. Ke2 h4 37. Ke1 1/2-1/2

[Event "DVM U14w 2016"]
[Site "Düsseldorf GER"]
[Date "2016.12.30"]
[Round "7"]
[White "Manus, Julia"]
[Black "Jacoby, Angelina"]
[Result "0-1"]
[Termination "normal"]
[Board "6.3"]
[WhiteElo "969"]
[BlackElo "1240"]
[WhiteTeam "SV Hemer"]
[BlackTeam "SC Eintracht Berlin"]
[PlyCount "82"]
[WhiteFideId "16234979"]
[BlackFideId "12999008"]
[EventCountry "GER"]
[EventRounds "7"]
[EventType "team-swiss"]
[EventDate "2016.12.26"]

1. e4 d5 2. exd5 Nf6 3. Nf3 Nxd5 4. d4 Bf5 5. Be2 e6 6. O-O Bd6 7. c4 Nf6 8.
Nc3 c6 9. Nh4 Bg6 10. Re1 Qc7 11. Nf3 O-O 12. c5 Be7 13. Ne5 Bf5 14. Bf4 Qd8
15. b4 Nbd7 16. Nc4 Ne8 17. Bd3 Bxd3 18. Qxd3 Ndf6 19. Rad1 Nd5 20. Nxd5 cxd5
21. Ne5 Bf6 22. Qe3 Bxe5 23. Qxe5 Qf6 24. Qxf6 Nxf6 25. a4 Rac8 26. Rc1 Nd7 27.
Rc2 Rfe8 28. b5 e5 29. c6 exf4 30. Ree2 Rxe2 31. Rxe2 Nf8 32. Rc2 bxc6 33. Kf1
Ne6 34. Rxc6 Rxc6 35. bxc6 Kf8 36. c7 Nxc7 37. Ke2 Ke7 38. Kf3 Ne6 39. Kg4 Kd6
40. Kf5 Nxd4+ 41. Kxf4 Kc5 0-1

[Event "DVM U14w 2016"]
[Site "Düsseldorf GER"]
[Date "2016.12.30"]
[Round "7"]
[White "Hopp, Celina"]
[Black "Drees, Kim"]
[Result "1/2-1/2"]
[Termination "normal"]
[Board "6.4"]
[WhiteElo "1056"]
[BlackElo "1016"]
[WhiteTeam "SC Eintracht Berlin"]
[BlackTeam "SV Hemer"]
[PlyCount "49"]
[WhiteFideId "16235240"]
[BlackFideId "16235339"]
[EventCountry "GER"]
[EventRounds "7"]
[EventType "team-swiss"]
[EventDate "2016.12.26"]

1. e4 {[%emt 0:00:00]} e5 {[%eval 0,0] [%emt 0:00:00]} 2. Nf3 Nc6 3. Bc4 Bc5 4.
d3 Nf6 5. Nc3 a6 6. Be3 Bxe3 7. fxe3 d6 8. Qe2 Bd7 9. d4 b5 10. Bb3 O-O 11. O-O
h6 12. a3 Bg4 13. Qd3 Re8 14. Rae1 Na5 15. Ba2 c5 16. dxc5 dxc5 17. Qxd8 Raxd8
18. Nd5 Nxe4 19. Nc7 Re7 20. Nxa6 Ra8 21. Nxc5 Nxc5 22. b4 Ne6 23. Nxe5 Nb7 24.
Nxg4 Rxa3 25. Bb3 1/2-1/2

[Event "DVM U14w 2016"]
[Site "Düsseldorf GER"]
[Date "2016.12.30"]
[Round "7"]
[White "Schubert, Arlene"]
[Black "Bykov, Ilona"]
[Result "0-1"]
[Termination "normal"]
[Board "7.1"]
[WhiteElo "1168"]
[BlackElo "1399"]
[WhiteTeam "SC Annaberg-Buchholz"]
[BlackTeam "Karlsruher SF"]
[PlyCount "106"]
[WhiteFideId "16220951"]
[BlackFideId "12964433"]
[EventCountry "GER"]
[EventRounds "7"]
[EventType "team-swiss"]
[EventDate "2016.12.26"]

1. e4 {[%emt 0:00:00]} e5 2. Nf3 Nc6 3. Bc4 Bc5 4. c3 Nf6 5. d4 exd4 6. cxd4
Bb4+ 7. Bd2 Bxd2+ 8. Nbxd2 d5 9. exd5 Nxd5 10. Nb3 O-O 11. O-O Bg4 12. h3 Bf5
13. Re1 Qd6 14. Ne5 Rfe8 15. Nxc6 Qxc6 16. Na5 Qb6 17. Bxd5 Qxa5 18. Bxb7 Rad8
19. Rxe8+ Rxe8 20. Qc1 g6 21. Bc6 Rd8 22. Qc5 Qxc5 23. dxc5 Rd2 24. b4 Kg7 25.
a4 Rb2 26. b5 Rc2 27. Rd1 Rxc5 28. Rd4 Be6 29. a5 Rc4 30. a6 Rxd4 31. f3 Rb4
32. Kh2 Bc4 33. g4 Bxb5 34. Be4 Bxa6 35. h4 Rxe4 36. fxe4 c5 37. Kg3 c4 38. Kf4
Bb5 39. Ke3 a5 40. g5 a4 41. Kd2 h6 42. e5 hxg5 43. hxg5 Kf8 44. Kc3 Ke7 45.
Kb4 Be8 46. Kxc4 Ke6 47. Kd4 a3 48. Kc3 Kxe5 49. Kb3 Kf5 50. Kxa3 Kxg5 51. Kb3
Kf4 52. Kc3 f5 53. Kd3 Bb5+ 0-1

[Event "DVM U14w 2016"]
[Site "Düsseldorf GER"]
[Date "2016.12.30"]
[Round "7"]
[White "Chung, Dana"]
[Black "Jin, Tanja"]
[Result "1-0"]
[Termination "normal"]
[Board "7.2"]
[WhiteElo "1166"]
[BlackElo "1211"]
[WhiteTeam "Karlsruher SF"]
[BlackTeam "SC Annaberg-Buchholz"]
[PlyCount "108"]
[WhiteFideId "16235290"]
[BlackFideId "16235355"]
[EventCountry "GER"]
[EventRounds "7"]
[EventType "team-swiss"]
[EventDate "2016.12.26"]

1. d4 {[%emt 0:00:00]} d5 2. c4 Nf6 3. Nc3 Bf5 4. Nf3 e6 5. Bg5 Be7 6. e3 h6 7.
Bf4 O-O 8. Be2 Nc6 9. O-O Re8 10. Rc1 a6 11. Qb3 dxc4 12. Qxb7 Na5 13. Qxc7
Qxc7 14. Bxc7 Nb7 15. Be5 Rec8 16. Nh4 Bh7 17. g3 Nd6 18. Bf3 Rab8 19. d5 Rxb2
20. Rfe1 Rc2 21. Rxc2 Bxc2 22. Rc1 Bh7 23. Bxd6 Bxd6 24. dxe6 fxe6 25. e4 Be5
26. Bg4 Kf7 27. Be2 Nxe4 28. Nxe4 Bxe4 29. Bxc4 Bc7 30. Bxa6 Rd8 31. Rxc7+ Kf6
32. Be2 g5 33. Ng2 Rd2 34. Bc4 Rd1+ 35. Bf1 Bd3 36. Ne3 Rd2 37. Rd7 Rxa2 38.
Bxd3 e5 39. Rd6+ Ke7 40. Rxh6 Ra4 41. Nf5+ Kf7 42. Nd6+ Ke7 43. Bb5 Rd4 44.
Nf5+ Kf7 45. Nxd4 exd4 46. Rd6 Ke7 47. Rxd4 Ke6 48. Kf1 Ke5 49. Ra4 Kd5 50. Ke2
Kc5 51. Kd3 Kxb5 52. Rg4 Kc5 53. Rxg5+ Kd6 54. Rg6+ Kd7 1-0

[Event "DVM U14w 2016"]
[Site "Düsseldorf GER"]
[Date "2016.12.30"]
[Round "7"]
[White "Berndt, Christiane"]
[Black "Shevchenko, Alyona"]
[Result "1-0"]
[Termination "normal"]
[Board "7.3"]
[WhiteElo "1153"]
[BlackElo "1033"]
[WhiteTeam "SC Annaberg-Buchholz"]
[BlackTeam "Karlsruher SF"]
[PlyCount "99"]
[WhiteFideId "16235363"]
[BlackFideId "12983420"]
[EventCountry "GER"]
[EventRounds "7"]
[EventType "team-swiss"]
[EventDate "2016.12.26"]

1. e4 {[%emt 0:00:00]} e5 2. Nf3 Nc6 3. Bc4 Bc5 4. Nc3 Nf6 5. O-O d6 6. h3 O-O
7. d3 h6 8. a3 Re8 9. b4 Bb6 10. Nh4 Bd4 11. Bd2 Bxc3 12. Bxc3 Nxe4 13. dxe4
Qxh4 14. b5 Ne7 15. Bd2 Qxe4 16. Bd3 Qh4 17. Qf3 d5 18. Be2 Bf5 19. Rac1 Qe4
20. Qxe4 Bxe4 21. Rfe1 Bg6 22. a4 c6 23. c4 cxb5 24. axb5 d4 25. Bf3 Nc8 26.
Bxb7 Rb8 27. Bc6 Re7 28. Bb4 Re6 29. Bd7 Rf6 30. Rxe5 Nb6 31. Bg4 Rf4 32. c5
Na4 33. c6 f5 34. Bf3 d3 35. Rd5 Rxb4 36. c7 Rf8 37. Rd8 Nb6 38. Rc6 Rxb5 39.
Rxg6 Nc8 40. Bd5+ Rxd5 41. Rxd5 Kf7 42. Rxf5+ Ke8 43. Re6+ Kd7 44. Rxf8 Kxe6
45. Rxc8 d2 46. Rd8 d1=Q+ 47. Rxd1 a5 48. c8=Q+ Kf6 49. Rd5 Kg6 50. Qf5# 1-0

[Event "DVM U14w 2016"]
[Site "Düsseldorf GER"]
[Date "2016.12.30"]
[Round "7"]
[White "Eichhorn, Elisabeth"]
[Black "Schubert, Matthea"]
[Result "1-0"]
[Termination "normal"]
[Board "7.4"]
[WhiteElo "1116"]
[BlackElo "941"]
[WhiteTeam "Karlsruher SF"]
[BlackTeam "SC Annaberg-Buchholz"]
[PlyCount "55"]
[WhiteFideId "16235070"]
[BlackFideId "16235371"]
[EventCountry "GER"]
[EventRounds "7"]
[EventType "team-swiss"]
[EventDate "2016.12.26"]

1. d4 d5 2. Nf3 Nc6 3. Bf4 Bf5 4. e3 Nf6 5. Nbd2 e6 6. Nh4 Bg6 7. Nxg6 fxg6 8.
c3 Be7 9. Qb3 Qb8 10. Bd3 Nd7 11. Nf3 Nb6 12. O-O Qd8 13. a4 g5 14. Bg3 h5 15.
Bg6+ Kd7 16. Ne5+ Nxe5 17. Bxe5 Qg8 18. a5 Nc4 19. Qxb7 Rc8 20. Qxa7 Rh6 21.
Bd3 Nxb2 22. Ba6 Ra8 23. Qxc7+ Ke8 24. Bb5+ Kf7 25. a6 Qc8 26. Qb6 Bd8 27. Qb7+
Kf8 28. Qxg7# 1-0

[Event "DVM U14w 2016"]
[Site "Düsseldorf GER"]
[Date "2016.12.30"]
[Round "7"]
[White "Kalina, Lena"]
[Black "Kirschner, Elena"]
[Result "1-0"]
[Termination "normal"]
[Board "8.1"]
[WhiteElo "1410"]
[BlackElo "1269"]
[WhiteTeam "SC Landskrone"]
[BlackTeam "SV SF Friedrichshagen"]
[PlyCount "91"]
[WhiteFideId "12988014"]
[BlackFideId "16205804"]
[EventCountry "GER"]
[EventRounds "7"]
[EventType "team-swiss"]
[EventDate "2016.12.26"]

1. d4 d5 2. Nf3 Nf6 3. c4 c5 4. dxc5 e6 5. Nc3 Bxc5 6. e3 O-O 7. cxd5 exd5 8.
Be2 a6 9. O-O Nc6 10. Qc2 Bd6 11. a3 Re8 12. Rd1 Ne7 13. b4 h6 14. Bb2 Bf5 15.
Qb3 Rc8 16. h3 Be6 17. Nd4 Bc7 18. Qc2 Qd6 19. Nf3 Qc6 {(=)} 20. Rac1 Red8 21.
Qb1 Qe8 {(=)} 22. Rd2 Ng6 23. Rcd1 Qe7 24. Bd3 Ne5 25. Nxe5 Bxe5 26. Ne2 Bb8
27. Nf4 g5 28. Nxe6 fxe6 29. Ba1 Rd7 30. Qb2 Rf8 31. Bc2 Kg7 32. e4 Kf7 33.
exd5 exd5 34. Qd4 Qd6 35. g3 Re8 36. Qd3 Ne4 37. Qf3+ Nf6 38. Rxd5 Qxd5 39.
Rxd5 Re1+ 40. Kg2 Rxd5 41. Qxf6+ Ke8 42. Qh8+ Kd7 43. Qxh6 Kc7 44. Qf6 Re2 45.
Qf7+ Rd7 46. Qc4+ 1-0

[Event "DVM U14w 2016"]
[Site "Düsseldorf GER"]
[Date "2016.12.30"]
[Round "7"]
[White "Fricke, Edna Marlene"]
[Black "Yukelson, Tamar"]
[Result "0-1"]
[Termination "normal"]
[Board "8.2"]
[WhiteElo "1376"]
[BlackElo "1417"]
[WhiteTeam "SV SF Friedrichshagen"]
[BlackTeam "SC Landskrone"]
[PlyCount "100"]
[WhiteFideId "12988839"]
[BlackFideId "12964069"]
[EventCountry "GER"]
[EventRounds "7"]
[EventType "team-swiss"]
[EventDate "2016.12.26"]

1. e4 {[%emt 0:00:00]} c6 2. d4 d5 3. exd5 cxd5 4. Bd3 Nc6 5. c3 h6 6. Be3 Nf6
7. Nd2 a6 8. a4 a5 9. Ne2 e6 10. Ng3 Bd6 11. f4 O-O 12. O-O b6 13. Nf3 Ba6 14.
Bxa6 Rxa6 15. Ne5 Qc7 16. Rb1 Rc8 17. Kh1 Qe7 18. Bd2 Raa8 19. Be3 Rab8 20. Qe2
Qe8 21. Qb5 {(=)} Na7 22. Qxe8+ Rxe8 23. Bd2 Be7 24. Rfe1 Nc8 25. Kg1 Nd6 26.
b3 Nde4 27. Nxe4 Nxe4 28. Re2 Rec8 29. Rc1 b5 30. Nd3 bxa4 31. bxa4 Rb3 32. g3
Nxd2 33. Rxd2 Rbxc3 34. Ra1 R3c4 35. Nb2 Rb4 36. Kg2 Bf6 37. Rad1 Bxd4 38. Rxd4
Rxb2+ 39. Kh3 Rb4 40. Rxb4 axb4 41. Rb1 Rb8 42. Kg2 b3 43. Kf3 Ra8 44. Rxb3
Rxa4 45. Rb8+ Kh7 46. Rd8 Ra3+ 47. Kg4 Kg6 48. Rd6 Ra2 49. h4 h5+ 50. Kf3 Rd2
0-1

[Event "DVM U14w 2016"]
[Site "Düsseldorf GER"]
[Date "2016.12.30"]
[Round "7"]
[White "Dittenberger, Svenja"]
[Black "Kessen, Fanny"]
[Result "1-0"]
[Termination "normal"]
[Board "8.3"]
[WhiteElo "1190"]
[BlackElo "1218"]
[WhiteTeam "SC Landskrone"]
[BlackTeam "SV SF Friedrichshagen"]
[PlyCount "153"]
[WhiteFideId "12996262"]
[BlackFideId "16217357"]
[EventCountry "GER"]
[EventRounds "7"]
[EventType "team-swiss"]
[EventDate "2016.12.26"]

1. e4 {[%emt 0:00:00]} c5 {[%eval 0,0] [%emt 0:00:00]} 2. Nf3 Nc6 3. Bb5 g6 4.
O-O Bg7 5. Nc3 Nf6 6. d3 O-O 7. Be3 d6 8. Qd2 Bd7 9. Bh6 a6 10. Bxc6 Bxc6 11.
Rfe1 Ng4 12. Bxg7 Kxg7 13. h3 Nf6 14. a3 a5 15. Rab1 b5 16. b4 Qd7 17. Ne2 a4
18. c3 Ne8 19. Qb2 Kg8 20. Nd2 Nc7 21. d4 c4 22. f3 f5 23. Rf1 fxe4 24. fxe4 d5
25. e5 e6 26. Rxf8+ Rxf8 27. Rf1 Rxf1+ 28. Nxf1 Qf7 29. Qc1 Qf5 30. Qf4 Qxf4
31. Nxf4 Bd7 32. Nd2 Ne8 33. Nf3 Ng7 34. g4 h5 35. gxh5 gxh5 36. h4 Kh7 37.
Ng5+ Kh6 38. Nf7+ Kh7 39. Kf2 Kg8 40. Ng5 Kf8 41. Nf3 Ke7 42. Nd2 Nf5 43. Nf3
Be8 44. Ne2 Bf7 45. Ng3 Nxg3 46. Kxg3 Kf8 47. Kf4 Kg7 48. Kg5 Be8 49. Nd2 Bf7
50. Nf1 Be8 51. Ng3 Bf7 52. Nxh5+ Kh7 53. Nf6+ Kg7 54. h5 Kh8 55. h6 Bg6 56.
Ng8 Bf7 57. Ne7 Be8 58. Kf6 Bd7 59. Ng6+ Kg8 60. h7+ Kxh7 61. Nf8+ Kh6 62. Nxd7
Kh5 63. Kxe6 Kg4 64. Kxd5 Kf4 65. e6 Ke3 66. e7 Kd3 67. e8=Q Kxc3 68. Qe3+ Kb2
69. Kc5 c3 70. Kxb5 Kb3 71. Nc5+ Kxa3 72. Qxc3+ Ka2 73. Qc2+ Ka3 74. Qxa4+ Kb2
75. Kc4 Kb1 76. Kc3 Kc1 77. Qc2# 1-0

[Event "DVM U14w 2016"]
[Site "Düsseldorf GER"]
[Date "2016.12.30"]
[Round "7"]
[White "Gauchel, Verena"]
[Black "Schneider, Xenia"]
[Result "1-0"]
[Termination "normal"]
[Board "9.1"]
[WhiteElo "1544"]
[BlackElo "1342"]
[WhiteTeam "SC Ammersee"]
[BlackTeam "SK Endingen"]
[PlyCount "107"]
[WhiteFideId "12988537"]
[BlackFideId "12911984"]
[EventCountry "GER"]
[EventRounds "7"]
[EventType "team-swiss"]
[EventDate "2016.12.26"]

1. d4 c6 2. c4 d5 3. Nc3 Bf5 4. Bf4 e6 5. e3 b6 6. cxd5 exd5 7. Nf3 Bd6 8. Bxd6
Qxd6 9. Bd3 Bxd3 10. Qxd3 Nf6 11. h3 O-O 12. O-O Re8 13. Rac1 Nbd7 14. Rc2 Ne4
15. Nd2 Nxd2 16. Qxd2 Qh6 17. Rfc1 Re6 18. Ne2 Rc8 19. Nf4 Rd6 20. Qe2 Nf8 21.
Qg4 Rc7 22. Qg3 Re7 23. Rc3 Re8 24. R1c2 Ne6 25. Nxe6 Rdxe6 26. Qc7 R8e7 27.
Qb8+ Re8 28. Qxa7 c5 29. dxc5 bxc5 30. Qxc5 Re5 31. Qc6 Qh5 32. a4 f5 33. Rc1
R8e6 34. Qa8+ Re8 35. Rc8 Rxc8 36. Qxc8+ Kf7 37. Rc7+ Kf6 38. Qf8+ Kg5 39. Qd8+
Kg6 40. Rc6+ Kf7 41. Qd7+ Kf8 42. Rc8+ Re8 43. Rxe8+ Qxe8 44. Qxe8+ Kxe8 45.
Kf1 Kd7 46. Ke2 Kc6 47. Kd3 Kc5 48. Kc3 g5 49. b4+ Kd6 50. Kd4 h5 51. b5 h4 52.
a5 g4 53. a6 f4 54. exf4 1-0

[Event "DVM U14w 2016"]
[Site "Düsseldorf GER"]
[Date "2016.12.30"]
[Round "7"]
[White "Wagner, Anna"]
[Black "Heinze, Sabrina"]
[Result "0-1"]
[Termination "normal"]
[Board "9.2"]
[WhiteElo "1133"]
[BlackElo "1333"]
[WhiteTeam "SK Endingen"]
[BlackTeam "SC Ammersee"]
[PlyCount "138"]
[WhiteFideId "12983489"]
[BlackFideId "12981737"]
[EventCountry "GER"]
[EventRounds "7"]
[EventType "team-swiss"]
[EventDate "2016.12.26"]

1. e4 {[%emt 0:00:00]} e5 {[%eval 0,0] [%emt 0:00:00]} 2. Nf3 Nc6 3. Bc4 Bc5 4.
c3 Nf6 5. d4 exd4 6. cxd4 Bb4+ 7. Nc3 Nxe4 8. O-O Bxc3 9. bxc3 d5 10. Bb5 O-O
11. Qe1 a6 12. Ba4 b5 13. Bc2 Re8 14. Ne5 Nxe5 15. dxe5 Nc5 16. Bf4 c6 17. Rd1
Bb7 18. Bb3 Qc7 19. Qe3 Ne6 20. Rfe1 Nxf4 21. Qxf4 f6 22. Re3 Rxe5 23. h3 Re7
24. Qxc7 Rxc7 25. Rde1 Kf8 26. Kh2 a5 27. a4 b4 28. Kg3 bxc3 29. Rxc3 Re7 30.
Rec1 Re2 31. Kf3 Rae8 32. Bc2 g6 33. Rc5 Rd2 34. Bd1 Re1 35. Bb3 Rxc1 36. Rxc1
Rd3+ 37. Kf4 Rxb3 38. Rc5 Rb4+ 39. Ke3 Rxa4 40. f3 Ke7 41. g4 Kd6 42. Rc2 Ke5
43. h4 Ra3+ 44. Ke2 Ba6+ 45. Kf2 Bc4 46. Kg3 c5 47. h5 Ra2 48. Rc3 Kd4 49. Rc1
a4 50. hxg6 hxg6 51. f4 a3 52. g5 f5 53. Kf3 Rb2 54. Ra1 a2 55. Kg3 Rb1 56.
Rxa2 Bxa2 57. Kf3 c4 58. Ke2 Ke4 59. Kd2 Kxf4 60. Kc3 Kxg5 61. Kc2 f4 62. Kd2
f3 63. Ke3 c3 64. Kxf3 c2 65. Ke3 c1=Q+ 66. Kd3 Rb3+ 67. Ke2 Qe3+ 68. Kd1 Rd3+
69. Kc2 Qd2# 0-1

[Event "DVM U14w 2016"]
[Site "Düsseldorf GER"]
[Date "2016.12.30"]
[Round "7"]
[White "Karlinger De la Quintana, Ainhoa"]
[Black "Henninger, Claire"]
[Result "1-0"]
[Termination "normal"]
[Board "9.3"]
[WhiteElo "1064"]
[BlackElo "1033"]
[WhiteTeam "SC Ammersee"]
[BlackTeam "SK Endingen"]
[PlyCount "77"]
[WhiteFideId "16217268"]
[BlackFideId "16200659"]
[EventCountry "GER"]
[EventRounds "7"]
[EventType "team-swiss"]
[EventDate "2016.12.26"]

1. b4 c6 2. c4 d5 3. e3 Nf6 4. Nc3 Bf5 5. Bb2 e6 6. a3 Be7 7. Nf3 Bg4 8. Be2
O-O 9. O-O Nbd7 10. h3 Bh5 11. Qb3 b6 12. Rac1 Qb8 13. cxd5 exd5 14. Rc2 Qd6
15. d3 Bd8 16. e4 Bc7 17. g3 Bg6 18. Nb5 cxb5 19. e5 Qe6 20. exf6 Nxf6 21. Rxc7
Qxe2 22. Ne5 Rfe8 23. Nxg6 hxg6 24. Bxf6 gxf6 25. Qxd5 Qe6 26. Qxb5 Qxh3 27.
Rxa7 Rxa7 28. Qxe8+ Kg7 29. Ra1 Rd7 30. Qc8 f5 31. Qxd7 g5 32. Rc1 Kg6 33. Rc6+
Kh5 34. Qxf7+ Kg4 35. Rc4+ Kf3 36. Qd5+ Ke2 37. Rc2+ Kd1 38. Qa2 Ke1 39. Qb1#
1-0